| 000 | 00000cam 2200000zi 4500 |
| 001 | 9.954729 |
| 003 | CaOODSP |
| 005 | 20260604112112 |
| 006 | m o d f |
| 007 | cr cn||||||||| |
| 008 | 250827e202509##onc o f000 0 eng d |
| 020 | |a9780660787534 |
| 040 | |aCaOODSP|beng|erda|cCaOODSP |
| 043 | |an-cn--- |
| 045 | |ay2y2 |
| 086 | 1 |aP114-40/2025E-PDF |
| 245 | 00|aFollow-up report to the 2021-2022 procurement practice review of the Correctional Service of Canada / |cOffice of the Procurement Ombud. |
| 264 | 1|aOttawa, ON : |bGovernment of Canada, Office of the Procurement Ombud = Gouvernement du Canada, Bureau de l'ombud de l'approvisionnement, |cSeptember 2025. |
| 300 | |a1 online resource (25 pages) |
| 336 | |atext|btxt|2rdacontent |
| 337 | |acomputer|bc|2rdamedia |
| 338 | |aonline resource|bcr|2rdacarrier |
| 500 | |aIssued also in French under title: Rapport de suivi de l'examen des pratiques d'approvisionnement 2021-2022 du Service correctionnel du Canada. |
| 610 | 20|aCorrectional Service Canada|xProcurement|xEvaluation. |
| 710 | 1 |aCanada. |bOffice of the Procurement Ombud, |eissuing body. |
| 775 | 08|tRapport de suivi de l'examen des pratiques d'approvisionnement 2021-2022 du Service correctionnel du Canada / |w(CaOODSP)9.954728 |
| 856 | 40|qPDF|s457 KB|uhttps://publications.gc.ca/collections/collection_2026/spac-pspc/P114-40-2025-eng.pdf |
| 856 | 4 |qHTML|sN/A|uhttps://opo-boa.gc.ca/praapp-prorev/2025/suivi-followup-scc-csc-eng.html |